Elements Not Ending In M Or N - Statistics

General Stats
  • This quiz has been taken 84 times
  • The average score is 14 of 20
Answer Stats
Element % Correct
Gold
97%
Silver
90%
Zinc
83%
Copper
80%
Lead
74%
Arsenic
72%
Cobalt
72%
Fluorine
72%
Chlorine
70%
Mercury
70%
Iodine
68%
Bromine
64%
Sulfur
64%
Astatine
62%
Nickel
62%
Bismuth
61%
Antimony
59%
Manganese
59%
Phosphorus
59%
Tennessine
45%
No matching quizzes found
Score Distribution
Percent of People with Each Score
Percentile by Number Answered
Your Score History
You have not taken this quiz